| 000 | 00373nam a22001697a 4500 | ||
|---|---|---|---|
| 003 | SGT | ||
| 020 | _a9789352702350 | ||
| 082 |
_a615.53 _bD18D |
||
| 100 | _aDHIMAN, SONIA | ||
| 245 | _aDRAVYAGUNNA ADHAR-1 | ||
| 250 | _a1ST | ||
| 260 |
_aNEW DELHI _bJAYPEE PUB. _c2018 |
||
| 300 | _a296 | ||
| 650 | _aDRAVYAGUNNA VIGYAN | ||
| 653 | _aDRAVYAGUNNA | ||
| 942 |
_2ddc _cBK _034 |
||
| 999 |
_c22870 _d22870 |
||